| 000 | 01242nam a22002417a 4500 | ||
|---|---|---|---|
| 999 |
_c58662 _d58662 |
||
| 003 | Ge_BSU | ||
| 005 | 20220623133553.0 | ||
| 008 | 220623s2019 ge ||||| |||| 00| 0 geo d | ||
| 020 | _a9789941966613 | ||
| 041 | _ageo | ||
| 080 | _a94(479.22) ს-25 | ||
| 100 |
_aსანაძე, მანანა _912118 |
||
| 245 |
_aქართველთა ცხოვრება : _bწიგნი 1. შესავალი ქართველთა ცხოვრებაში / _c მანანა სანაძე ; რედ. გონელი არახამია. |
||
| 264 |
_aთბილისი : _bსაქართველოს უნივერსიტეტის გამომცემლობა, _c2019. |
||
| 300 |
_a 607 გვ. : _b3 რუკ.; _c29 სმ. |
||
| 504 | _aბიბლიოგრ.: გვ.:563-577 | ||
| 520 | _aრეზიუმე ინგლისურ ენაზე. | ||
| 653 | _a ისტორია | ||
| 653 | _aსაქართველოს ისტორია | ||
| 653 | _aქართველთა ცხოვრება | ||
| 700 |
_aარახამია, გონელი _eრედაქტორი _913852 |
||
| 942 |
_2udc _cBK |
||